[Event "Sydney op-B"]
[Site "Parramatta"]
[Date "2013.04.07"]
[Round "9"]
[White "Zulkifli, Mat Arif"]
[Black "Hassani, Arif"]
[Result "0-1"]
[WhiteElo "1638"]
[BlackElo "1711"]
[PlyCount "56"]
[EventDate "2013.04.03"]
[EventType "swiss"]
[EventRounds "9"]
[EventCountry "AUS"]
[SourceTitle "EXT 2023"]
[Source "ChessBase"]
[SourceDate "2022.10.05"]
[SourceVersion "1"]
[SourceVersionDate "2022.10.05"]
[SourceQuality "1"]

1. e4 e5 2. Nf3 Nc6 3. Bb5 Bc5 4. 0-0 d6 5. b3 a6 6. Bxc6+ bxc6 7. d4 exd4 8. Nxd4 Bd7 9. c3 h6 10. Be3 Bb6 11. Nd2 Nf6 12. Qc2 0-0 13. Nc4 Ba7 14. e5 Nd5 15. Bd2 Qh4 16. Qd3 Nf4 17. Bxf4 Qxf4 18. Ne2 Qh4 19. exd6 cxd6 20. Nxd6 Be6 21. Ne4 f5 22. N4g3 f4 23. Qe4 Rae8 24. Qa4 Bh3 25. Qxa6 fxg3 26. Qxa7 Rxe2 27. Qd4 gxf2+ 28. Kh1 Bg4 0-1

[Event "Australian op"]
[Site "Cammeray"]
[Date "2013.01.06"]
[Round "6"]
[White "Loh, Zachary"]
[Black "Zulkifli, Mat Arif"]
[Result "1-0"]
[WhiteElo "1945"]
[BlackElo "1801"]
[PlyCount "67"]
[EventDate "2013.01.02"]
[EventType "swiss"]
[EventRounds "11"]
[EventCountry "AUS"]
[SourceTitle "CBM 152 Extra"]
[Source "ChessBase"]
[SourceDate "2013.02.25"]
[SourceVersion "1"]
[SourceVersionDate "2013.02.25"]
[SourceQuality "1"]

1. d4 Nf6 2. c4 d5 3. cxd5 Nxd5 4. e4 Nb6 5. Nc3 e6 6. Be3 Bb4 7. Nf3 0-0 8. Bd3 Be7 9. 0-0 N8d7 10. Rc1 c6 11. Bb1 Nc4 12. Bf4 b5 13. b3 Na3 14. Bd3 Bb7 15. e5 f5 16. exf6 Nxf6 17. Ng5 Bc8 18. Be5 h6 19. Nge4 b4 20. Ne2 Bd7 21. Nf4 Rc8 22. Qf3 Nd5 23. Qg4 Bf6 24. Nh5 Bxe5 25. dxe5 g5 26. Nef6+ Nxf6 27. Nxf6+ Rxf6 28. exf6 Qxf6 29. Qxb4 Qf8 30. Qe4 Qg7 31. Qa4 Nb5 32. Bxb5 cxb5 33. Rxc8+ Bxc8 34. Qxb5 1-0

[Event "Australian op"]
[Site "Cammeray"]
[Date "2013.01.06"]
[Round "5"]
[White "Zulkifli, Mat Arif"]
[Black "Neudel, Bernd"]
[Result "1-0"]
[WhiteElo "1801"]
[BlackElo "1904"]
[PlyCount "74"]
[EventDate "2013.01.02"]
[EventType "swiss"]
[EventRounds "11"]
[EventCountry "AUS"]
[SourceTitle "CBM 152 Extra"]
[Source "ChessBase"]
[SourceDate "2013.02.25"]
[SourceVersion "1"]
[SourceVersionDate "2013.02.25"]
[SourceQuality "1"]

1. e4 c5 2. Nf3 d6 3. d4 cxd4 4. Nxd4 Nf6 5. Nc3 a6 6. Bg5 e6 7. Qd2 Be7 8. f3 Qc7 9. 0-0-0 Nc6 10. Bxf6 gxf6 11. Kb1 Bd7 12. Nb3 Rb8 13. Qh6 b5 14. Qg7 Rf8 15. Qxh7 b4 16. Ne2 a5 17. Nbd4 Nxd4 18. Nxd4 a4 19. Qh5 e5 20. Nf5 a3 21. Ne3 Be6 22. Nd5 Bxd5 23. Rxd5 axb2 24. Bb5+ Kd8 25. Ba4 Qa7 26. Bb3 Qf2 27. Qh6 Qxg2 28. Rhd1 Qg5 29. Qh3 Rb6 30. Qf1 Qe3 31. Kxb2 Qc3+ 32. Kb1 Rg8 33. Qf2 Rb8 34. Ba4 Qc7 35. Rc5 Qb7 36. Ra5 Rg6 37. Qc5 Qb6 1-0

[Event "World University-ch 12th"]
[Site "Guimaraes"]
[Date "2012.08.25"]
[Round "9"]
[White "Rodrigues, Pedro Filipe Alexan"]
[Black "Zulkifli, Mat Arif"]
[Result "1-0"]
[WhiteElo "1960"]
[BlackElo "2046"]
[PlyCount "153"]
[EventDate "2012.08.20"]
[EventType "swiss"]
[EventRounds "9"]
[EventCountry "POR"]
[SourceTitle "CBM 150 Extra"]
[Source "ChessBase"]
[SourceDate "2012.10.19"]
[SourceVersion "1"]
[SourceVersionDate "2012.10.19"]
[SourceQuality "1"]

1. e4 c5 2. Nf3 e6 3. d4 cxd4 4. Nxd4 Nf6 5. Nc3 Bb4 6. Bd3 Nc6 7. Nxc6 bxc6 8. 0-0 e5 9. f4 d6 10. fxe5 dxe5 11. Bg5 Be7 12. Kh1 Be6 13. Qf3 0-0 14. Be3 Qc7 15. Ne2 c5 16. c4 Rad8 17. Bg1 Bg4 18. Qe3 Nh5 19. Nc3 Rd7 20. Nd5 Qd8 21. h3 Bg5 22. Qe1 Bh4 23. Bf2 Bxf2 24. Qxf2 Be6 25. Be2 Qg5 26. Bxh5 Qxh5 27. Qg3 Kh8 28. Rf2 f6 29. Qa3 Rc8 30. Qa6 Qe8 31. Rc1 f5 32. exf5 Bxd5 33. cxd5 Rxd5 34. f6 Rc7 35. Rcf1 Rdd7 36. fxg7+ Kxg7 37. Qf6+ Kg8 38. Rf5 h6 39. Qxh6 Rg7 40. Qd6 Rcf7 41. Qxc5 Rxf5 42. Rxf5 Qg6 43. Rf2 Qg3 44. Qd5+ Kh7 45. Qe4+ Kg8 46. Rc2 Rf7 47. Qg4+ Qxg4 48. hxg4 Rb7 49. b3 Kf7 50. Rc6 Rd7 51. Kh2 e4 52. Kg3 e3 53. Kf3 Rd2 54. Ra6 e2 55. Kf2 e1Q+ 56. Kxe1 Rxg2 57. Rxa7+ Ke6 58. Ra4 Kf6 59. Kf1 Rb2 60. Ra5 Kg6 61. Ke1 Rg2 62. g5 Kf7 63. Kf1 Rg4 64. Kf2 Ke7 65. Kf3 Rg1 66. Kf4 Rf1+ 67. Kg4 Rg1+ 68. Kf5 Rf1+ 69. Kg6 Rf3 70. Ra7+ Ke6 71. Kh6 Rh3+ 72. Kg7 Rg3 73. g6 Rh3 74. Kg8 Rg3 75. g7 Rf3 76. Ra6+ Ke7 77. Kh7 1-0